It looks like you're offline.
Open Library logo
additional options menu

MARC record from Internet Archive

LEADER: 01083cam a22003257i 4500
001 2013464995
003 DLC
005 20131031080527.0
008 131022s2013 enkb b 000 0 eng d
010 $a 2013464995
015 $aGBB327320$2bnb
016 7 $a016304219$2Uk
020 $a9781907554926 (pbk.)
020 $a1907554920 (pbk.)
035 $a(OCoLC)ocn832610800
040 $aUKMGB$beng$cUKMGB$dOCLCO$dOCLCA$erda$dNYP$dEMU$dDLC
042 $alccopycat
050 00 $aDA995.D75$bB375 2013
082 04 $a941.835$223
100 1 $aBarry, Michael,$d1949-$eauthor.
245 10 $aDublin's strangest tales :$bextraordinary but true stories : a very curious history /$cMichael Barry & Patrick Sammon.
264 1 $aLondon :$bPortico,$c2013.
300 $a152 pages ;$c22 cm
336 $atext$2rdacontent
337 $aunmediated$2rdamedia
338 $avolume$2rdacarrier
504 $aIncludes bibliographical references (pages 151-152).
651 0 $aDublin (Ireland)$vAnecdotes.
651 0 $aDublin (Ireland)$xHistory$vMiscellanea.
700 1 $aSammon, Patrick J.,$d1915-